NBA Highest PPG DPOY Winners - Statistics

General Stats
  • This quiz has been taken 43 times
  • The average score is 10 of 15
Answer Stats
PPG Player % Correct
35.0 Michael Jordan
100%
27.3 Hakeem Olajuwon
87%
26.1 Hakeem Olajuwon
87%
23.2 David Robinson
79%
22.9 Dwight Howard
77%
20.6 Dwight Howard
77%
29.5 Giannis Antetokounmpo
69%
19.3 Gary Payton
62%
21.2 Kawhi Leonard
59%
18.6 Jaren Jackson Jr.
56%
18.8 Kevin Garnett
56%
22.5 Sidney Moncrief
51%
20.9 Sidney Moncrief
51%
21.7 Alonzo Mourning
31%
20.1 Alonzo Mourning
31%
No matching quizzes found
Score Distribution
Percent of People with Each Score
Percentile by Number Answered
Your Score History
You have not taken this quiz